[Event "GRE-ch U18"]
[Site "Chania"]
[Date "2018.01.05"]
[Round "6"]
[White "Alexakis, Dimitris"]
[Black "Fidrilakis, Stavros"]
[Result "1-0"]
[WhiteElo "2231"]
[BlackElo "1936"]
[PlyCount "91"]
[EventDate "2018.01.02"]
[EventType "swiss"]
[EventRounds "9"]
[EventCountry "GRE"]
[SourceTitle "EXT 2024"]
[Source "ChessBase"]
[SourceDate "2023.10.10"]
[SourceVersion "1"]
[SourceVersionDate "2023.10.10"]
[SourceQuality "1"]

1. e4 c5 2. Nf3 Nc6 3. d4 cxd4 4. Nxd4 Nf6 5. Nc3 d6 6. Bg5 Bd7 7. Bxf6 gxf6 8. Be2 Nxd4 9. Qxd4 Qa5 10. a3 Rc8 11. 0-0 Qc5 12. Qb4 b6 13. Ba6 Rb8 14. Nd5 f5 15. Qd2 fxe4 16. b4 Qc6 17. c4 Rg8 18. Rae1 Kd8 19. Bb5 Qb7 20. Bxd7 Qxd7 21. Rxe4 Qf5 22. f3 Rc8 23. Ne3 Qf6 24. f4 e6 25. f5 e5 26. Nd5 Qg5 27. Qe2 h5 28. h4 Qh6 29. a4 Be7 30. f6 Bf8 31. Kh2 Qg6 32. Rf3 Bh6 33. Ne7 Qh7 34. Nxg8 Qxg8 35. Rg3 Qh8 36. Qxh5 Qxf6 37. Rf3 Qh8 38. Qxf7 Bg7 39. Rg3 Rc7 40. Qe6 Rd7 41. Reg4 Kc7 42. Rf3 e4 43. Rf7 Be5+ 44. Kh3 Rxf7 45. Qxf7+ Kc6 46. Rg8 1-0

[Event "Paleochora op 10th"]
[Site "Paleochora"]
[Date "2017.07.22"]
[Round "5"]
[White "Fidrilakis, Stavros"]
[Black "Kalogeris, Ioannis"]
[Result "0-1"]
[WhiteElo "1927"]
[BlackElo "2295"]
[PlyCount "70"]
[EventDate "2017.07.19"]
[EventType "swiss"]
[EventRounds "9"]
[EventCountry "GRE"]
[SourceTitle "EXT 2018"]
[Source "ChessBase"]
[SourceDate "2017.10.13"]
[SourceVersion "1"]
[SourceVersionDate "2017.10.13"]
[SourceQuality "1"]

1. Nf3 d5 2. d4 Nf6 3. g3 c6 4. Bg2 Bg4 5. 0-0 Nbd7 6. c4 e6 7. Qb3 Qb6 8. c5 Qa6 9. Nc3 b6 10. cxb6 axb6 11. Bf4 Be7 12. Rfc1 b5 13. a3 0-0 14. Ne1 c5 15. f3 cxd4 16. Nxb5 Bh5 17. Nc7 Qa4 18. Qxa4 Rxa4 19. Nd3 Bg6 20. b4 Bxd3 21. exd3 h6 22. Bh3 g5 23. Bd2 Ne5 24. Bg2 Nxd3 25. Rcb1 Ne5 26. Bc1 Nc4 27. Bf1 Rb8 28. b5 Nd7 29. Na6 Rb7 30. Bd3 Nc5 31. Bc2 Ra5 32. Nb4 Raxb5 33. Nc6 Bf6 34. Rxb5 Rxb5 35. a4 Rb6 0-1

[Event "Nikaia op 24th"]
[Site "Nikaia"]
[Date "2016.08.26"]
[Round "2"]
[White "Fidrilakis, Stavros"]
[Black "Kotronias, Vasilios"]
[Result "0-1"]
[WhiteElo "1919"]
[BlackElo "2534"]
[PlyCount "46"]
[EventDate "2016.08.25"]
[EventType "swiss"]
[EventRounds "9"]
[EventCountry "GRE"]
[SourceTitle "CBM 174 Extra"]
[Source "ChessBase"]
[SourceDate "2016.10.10"]
[SourceVersion "1"]
[SourceVersionDate "2016.10.10"]
[SourceQuality "1"]

1. d4 g6 2. e4 Bg7 3. Nc3 c6 4. Be3 d5 5. Qd2 dxe4 6. Nxe4 Nd7 7. 0-0-0 Ngf6 8. Ng3 h5 9. h4 Nb6 10. Kb1 Be6 11. Nf3 a5 12. Ng5 Bc4 13. f4 e6 14. Bd3 Qd5 15. a3 0-0 16. N3e4 Ng4 17. Be2 Bxe2 18. Qxe2 f6 19. Nc3 Qc4 20. Qxc4 Nxc4 21. Nxe6 Ncxe3 22. Nxf8 Nxd1 23. Rxd1 Kxf8 0-1

[Event "Anogia op 5th"]
[Site "Anogia"]
[Date "2016.07.19"]
[Round "9"]
[White "Spyropoulos, Nikolaos"]
[Black "Fidrilakis, Stavros"]
[Result "0-1"]
[WhiteElo "2106"]
[BlackElo "1919"]
[PlyCount "80"]
[EventDate "2016.07.12"]
[EventType "swiss"]
[EventRounds "9"]
[EventCountry "GRE"]
[SourceTitle "CBM 173 Extra"]
[Source "ChessBase"]
[SourceDate "2016.08.29"]
[SourceVersion "1"]
[SourceVersionDate "2016.08.29"]
[SourceQuality "1"]

1. e4 c5 2. Nf3 d6 3. Bb5+ Bd7 4. Bxd7+ Nxd7 5. c4 Ngf6 6. Nc3 Rc8 7. 0-0 g6 8. d3 Bg7 9. h3 0-0 10. Be3 a6 11. Nd2 Ne5 12. Qe2 Nc6 13. f4 Nd4 14. Bxd4 cxd4 15. Ncb1 b5 16. cxb5 axb5 17. Nb3 Nd7 18. Na3 Qb6 19. Nc2 Nc5 20. Nb4 e6 21. Rfc1 Ra8 22. Qe1 Ra4 23. Nxc5 dxc5 24. Nc2 Rfa8 25. a3 R4a7 26. e5 Rc7 27. Qe4 Rac8 28. b3 f6 29. exf6 Bxf6 30. a4 bxa4 31. bxa4 c4 32. a5 Qd6 33. Na3 cxd3 34. Rxc7 Qxc7 35. Qxe6+ Kg7 36. Qe1 Qc3 37. Qd1 d2 38. Ra2 Qe3+ 39. Kh2 Qxf4+ 40. Kg1 Rc1 0-1

[Event "Anogia op 5th"]
[Site "Anogia"]
[Date "2016.07.13"]
[Round "2"]
[White "Fidrilakis, Stavros"]
[Black "Enkhtuul, Altanulzii"]
[Result "0-1"]
[WhiteElo "1919"]
[BlackElo "2230"]
[PlyCount "94"]
[EventDate "2016.07.12"]
[EventType "swiss"]
[EventRounds "9"]
[EventCountry "GRE"]
[SourceTitle "CBM 173 Extra"]
[Source "ChessBase"]
[SourceDate "2016.08.29"]
[SourceVersion "1"]
[SourceVersionDate "2016.08.29"]
[SourceQuality "1"]

1. e4 c5 2. Nf3 d6 3. d4 cxd4 4. Nxd4 Nf6 5. Nc3 a6 6. Bc4 e6 7. Bb3 Be7 8. g4 h6 9. Be3 Nc6 10. f3 Na5 11. Qd2 Qc7 12. 0-0-0 b5 13. h4 Bd7 14. g5 Nh5 15. Nf5 Nxb3+ 16. axb3 b4 17. Nxd6+ Bxd6 18. Qxd6 Qxd6 19. Rxd6 bxc3 20. bxc3 Bc8 21. Rhd1 0-0 22. gxh6 g6 23. c4 e5 24. c5 Be6 25. Kb2 Rfc8 26. b4 Nf4 27. Ra1 Bc4 28. Bxf4 exf4 29. Rf6 Kh7 30. Rxf4 a5 31. e5 Be6 32. c3 Rd8 33. Rd4 axb4 34. Rxd8 bxc3+ 35. Kxc3 Rxa1 36. Rd6 Kxh6 37. c6 Kh5 38. Kb4 Kxh4 39. Kb5 Kg3 40. Kb6 Kxf3 41. c7 Rc1 42. Rd4 g5 43. Kb7 g4 44. Rd8 g3 45. Rd3+ Kf4 46. Rd2 Ke3 47. Rg2 Bd5+ 0-1

[Event "GRE-chT 44th"]
[Site "Achaia"]
[Date "2016.07.07"]
[Round "4.9"]
[White "Fidrilakis, Stavros"]
[Black "Papadopoulos, Georgios1111"]
[Result "0-1"]
[WhiteElo "1919"]
[BlackElo "2206"]
[PlyCount "112"]
[EventDate "2016.07.05"]
[EventType "team-swiss"]
[EventRounds "7"]
[EventCountry "GRE"]
[SourceTitle "CBM 173 Extra"]
[Source "ChessBase"]
[SourceDate "2016.08.29"]
[SourceVersion "1"]
[SourceVersionDate "2016.08.29"]
[SourceQuality "1"]
[WhiteTeam "Chania Kaissa"]
[BlackTeam "Corinth Argonaftis"]
[WhiteTeamCountry "GRE"]
[BlackTeamCountry "GRE"]

1. e4 d6 2. d4 Nf6 3. Nc3 Nbd7 4. f3 e5 5. Be3 Be7 6. Qd2 c6 7. 0-0-0 Qa5 8. g4 h6 9. h4 b5 10. Kb1 b4 11. Nce2 Nb6 12. Nc1 Be6 13. Nb3 Qa4 14. Nh3 exd4 15. Bxd4 c5 16. Bxf6 Bxf6 17. Nf4 c4 18. Nxe6 fxe6 19. Qxd6 cxb3 20. Qxe6+ Kf8 21. axb3 Qe8 22. Qxe8+ Rxe8 23. Bb5 Re5 24. Bd3 g5 25. hxg5 hxg5 26. Rxh8+ Bxh8 27. Rf1 Ke7 28. f4 gxf4 29. Rxf4 Rg5 30. e5 Nd5 31. Rd4 Rxe5 32. Be4 Re6 33. Rc4 Nf6 34. Bf5 Re1+ 35. Ka2 Nd5 36. Be4 Nc3+ 37. bxc3 Bxc3 38. Rxc3 bxc3 39. Bd3 a5 40. g5 Kd6 41. g6 Rg1 42. Bf5 Kc5 43. Bd3 Kb4 44. Bf5 a4 45. bxa4 Kxa4 46. Be4 Kb4 47. Bf5 Rg5 48. Bd3 Re5 49. Bf1 Ra5+ 50. Kb1 Ka3 51. Kc1 Rg5 52. Kd1 Rxg6 53. Bd3 Rg2 54. Bf5 Kb2 55. Bh7 Rd2+ 56. Ke1 Rxc2 0-1

[Event "GRE-ch U16"]
[Site "Porto Rio"]
[Date "2016.07.01"]
[Round "5"]
[White "Nikolaidis, Athanasios"]
[Black "Fidrilakis, Stavros"]
[Result "0-1"]
[WhiteElo "1616"]
[BlackElo "1919"]
[PlyCount "74"]
[EventDate "2016.06.28"]
[EventType "swiss"]
[EventRounds "9"]
[EventCountry "GRE"]
[SourceTitle "CBM 173 Extra"]
[Source "ChessBase"]
[SourceDate "2016.08.29"]
[SourceVersion "1"]
[SourceVersionDate "2016.08.29"]
[SourceQuality "1"]

1. e4 c5 2. Nf3 d6 3. d4 cxd4 4. Nxd4 Nf6 5. Nc3 Nc6 6. Be2 e5 7. Nb3 h6 8. Be3 Be7 9. f3 0-0 10. Qd2 a5 11. g4 a4 12. Nc1 Ra5 13. Nd3 d5 14. Bxh6 gxh6 15. Qxh6 d4 16. Nd1 Nh7 17. h4 Nb4 18. Nxb4 Bxb4+ 19. Kf2 Qf6 20. Qxf6 Nxf6 21. Kg3 Bd7 22. Nf2 Bb5 23. Bxb5 Rxb5 24. g5 Nh5+ 25. Kg4 Nf4 26. Kf5 Be7 27. b3 a3 28. h5 Kg7 29. Ng4 Rh8 30. h6+ Kh7 31. Nf6+ Bxf6 32. Kxf6 Rg8 33. Rag1 Rg6+ 34. Kxf7 Rc5 35. Ke7 Rc7+ 36. Kd8 Ne6+ 37. Ke8 Rg8# 0-1

[Event "GRE-ch U16"]
[Site "Porto Rio"]
[Date "2016.06.30"]
[Round "4"]
[White "Fidrilakis, Stavros"]
[Black "Loutragotis, Dimitrios"]
[Result "0-1"]
[WhiteElo "1919"]
[BlackElo "2014"]
[PlyCount "58"]
[EventDate "2016.06.28"]
[EventType "swiss"]
[EventRounds "9"]
[EventCountry "GRE"]
[SourceTitle "CBM 173 Extra"]
[Source "ChessBase"]
[SourceDate "2016.08.29"]
[SourceVersion "1"]
[SourceVersionDate "2016.08.29"]
[SourceQuality "1"]

1. d4 Nf6 2. c4 g6 3. f3 Bg7 4. e4 d6 5. Nc3 0-0 6. Be3 Nc6 7. Qd2 e5 8. Nge2 Nh5 9. d5 Na5 10. Ng1 c5 11. dxc6 Nxc6 12. 0-0-0 Be6 13. Qxd6 Qc8 14. Nd5 Bxd5 15. Rxd5 Nf6 16. Rd3 Rd8 17. Qa3 Bf8 18. Rxd8 Qxd8 19. Qd3 Qa5 20. a3 Qe1+ 21. Kc2 Rd8 22. Qe2 Qa1 23. Nh3 Bxa3 24. bxa3 Qa2+ 25. Kc1 Qxa3+ 26. Kb1 Qb3+ 27. Qb2 Qxe3 28. Be2 Rd2 29. Qxb7 Qxe2 0-1

[Event "Heraklion Gazi op 11th"]
[Site "Heraklion"]
[Date "2015.07.26"]
[Round "2"]
[White "Bomans, Arno"]
[Black "Fidrilakis, Stavros"]
[Result "1-0"]
[WhiteElo "2269"]
[BlackElo "1955"]
[PlyCount "65"]
[EventDate "2015.07.25"]
[EventType "swiss"]
[EventRounds "9"]
[EventCountry "GRE"]
[SourceTitle "CBM 167 Extra"]
[Source "ChessBase"]
[SourceDate "2015.09.14"]
[SourceVersion "1"]
[SourceVersionDate "2015.09.14"]
[SourceQuality "1"]

1. c4 e5 2. Nc3 Nf6 3. g3 d5 4. cxd5 Nxd5 5. Bg2 Ne7 6. Nf3 Nbc6 7. b4 a6 8. a3 g6 9. Bb2 Bg7 10. d3 0-0 11. 0-0 h6 12. Nd2 Rb8 13. Rc1 Nd4 14. e3 Ndc6 15. Qc2 Be6 16. Na4 Bd5 17. Nf3 b6 18. Nc3 Be6 19. b5 axb5 20. Nxb5 Bc8 21. Rfd1 Ba6 22. a4 Qd7 23. d4 exd4 24. Nfxd4 Nxd4 25. Nxd4 Rbc8 26. Nc6 Qe6 27. Ba3 Bf6 28. Bxe7 Bxe7 29. Bd5 Qf6 30. Nxe7+ Qxe7 31. Qxg6+ Kh8 32. Qxh6+ Kg8 33. Rd4 1-0

[Event "Mediterranean Cup 9th"]
[Site "Chania"]
[Date "2014.09.04"]
[Round "2"]
[White "Fidrilakis, Stavros"]
[Black "Lekic, Dusan"]
[Result "0-1"]
[WhiteElo "1757"]
[BlackElo "2428"]
[PlyCount "132"]
[EventDate "2014.09.03"]
[EventType "swiss"]
[EventRounds "9"]
[EventCountry "GRE"]
[SourceTitle "CBM 162 Extra"]
[Source "ChessBase"]
[SourceDate "2014.10.17"]
[SourceVersion "1"]
[SourceVersionDate "2014.10.17"]
[SourceQuality "1"]

1. d4 Nf6 2. c4 e6 3. Nc3 Bb4 4. e3 0-0 5. Nge2 c6 6. a3 Ba5 7. b4 Bc7 8. Ng3 d5 9. Bd3 e5 10. dxe5 Bxe5 11. Bb2 dxc4 12. Bxc4 Qe7 13. 0-0 Ng4 14. Qf3 Nxh2 15. Kxh2 Qh4+ 16. Kg1 Qxc4 17. Na4 Bg4 18. Qe4 Qxe4 19. Nxe4 Bc7 20. Rac1 Na6 21. Nac5 Nxc5 22. Rxc5 f5 23. Ng5 Rae8 24. f3 Bh5 25. Rd1 Re7 26. Bd4 h6 27. Nh3 Rd7 28. Rcc1 Rfd8 29. Re1 a6 30. a4 Bf7 31. a5 f4 32. Kf2 fxe3+ 33. Bxe3 Rd3 34. Re2 Re8 35. Rcc2 Bb3 36. Bc5 Rdd8 37. Rb2 Bc4 38. Rec2 Bd3 39. Rd2 Be5 40. Rb3 Bc4 41. Rxd8 Rxd8 42. Re3 Bf6 43. Nf4 Kf7 44. Nh5 Bd4 45. Bxd4 Rxd4 46. Re4 Rd2+ 47. Ke3 Rd3+ 48. Kf4 Bd5 49. Re3 Rd4+ 50. Ke5 Rxb4 51. g4 Rb3 52. Re1 Bxf3 53. Kd6 Rd3+ 54. Kc7 Bxg4 55. Rf1+ Kg8 56. Nf4 Rd7+ 57. Kb6 Rf7 58. Rf2 g5 59. Nd3 Rxf2 60. Nxf2 Be2 61. Kxb7 Bb5 62. Ne4 Kg7 63. Nc5 g4 64. Nxa6 Bxa6+ 65. Kxa6 g3 66. Kb7 g2 0-1

[Event "Riga Tech op 4th"]
[Site "Riga"]
[Date "2014.08.18"]
[Round "3"]
[White "Gavrilov, Alexei"]
[Black "Fidrilakis, Stavros"]
[Result "1-0"]
[WhiteElo "2505"]
[BlackElo "1641"]
[PlyCount "67"]
[EventDate "2014.08.16"]
[EventType "swiss"]
[EventRounds "9"]
[EventCountry "LAT"]
[SourceTitle "CBM 161 Extra"]
[Source "ChessBase"]
[SourceDate "2014.08.29"]
[SourceVersion "1"]
[SourceVersionDate "2014.08.29"]
[SourceQuality "1"]

1. d4 Nf6 2. c4 e6 3. Nf3 Bb4+ 4. Bd2 a5 5. g3 d5 6. Qb3 Nc6 7. Bg2 dxc4 8. Qxc4 Qd5 9. Qxd5 exd5 10. 0-0 Ne4 11. Bf4 Kd8 12. Rc1 f6 13. a3 Bd6 14. Nc3 Bxf4 15. gxf4 Be6 16. e3 a4 17. Nxe4 dxe4 18. Nd2 f5 19. Rc5 Na5 20. Rac1 c6 21. Re5 Kd7 22. Bh3 g6 23. Nxe4 Bd5 24. Nf6+ Kd6 25. Nxd5 cxd5 26. Rc5 Nc6 27. Rexd5+ Ke6 28. Bf1 Ne7 29. Re5+ Kd7 30. Rb5 Nc6 31. Rxb7+ Kd6 32. Bg2 Rac8 33. Rd5+ Ke6 34. Rbd7 1-0

[Event "GRE-ch U14"]
[Site "Greece"]
[Date "2014.07.10"]
[Round "9"]
[White "Pavlidis, Pavlos"]
[Black "Fidrilakis, Stavros"]
[Result "0-1"]
[WhiteElo "1507"]
[BlackElo "1626"]
[PlyCount "78"]
[EventDate "2014.07.04"]
[EventType "swiss"]
[EventRounds "9"]
[EventCountry "GRE"]
[SourceTitle "EXT 2017"]
[Source "ChessBase"]
[SourceDate "2016.10.25"]
[SourceVersion "1"]
[SourceVersionDate "2016.10.25"]
[SourceQuality "1"]

1. e4 c5 2. Nf3 d6 3. Bb5+ Nd7 4. 0-0 a6 5. Bd3 Ngf6 6. c3 e6 7. Re1 Be7 8. Bc2 b6 9. d4 Bb7 10. Nbd2 cxd4 11. cxd4 Rc8 12. Nf1 Qc7 13. Bd3 Qb8 14. Ng3 h6 15. b3 b5 16. Bb2 Nb6 17. Qe2 Qa8 18. Rac1 0-0 19. Ba3 Rfe8 20. Bb1 Bf8 21. e5 dxe5 22. Bxf8 Rxf8 23. dxe5 Bxf3 24. gxf3 Nfd5 25. Qd3 g6 26. Ne4 Nf4 27. Qd2 Nbd5 28. Nd6 Rxc1 29. Rxc1 Qd8 30. Kh1 Qh4 31. Rg1 Nh3 32. Rg3 Ndf4 33. Ne4 Rc8 34. Rg4 Qd8 35. Nd6 Nxf2+ 36. Qxf2 Rc1+ 37. Rg1 Nh3 38. Rxc1 Nxf2+ 39. Kg2 Qg5+ 0-1

[Event "GRE-ch U14"]
[Site "Greece"]
[Date "2014.07.05"]
[Round "2"]
[White "Fidrilakis, Stavros"]
[Black "Apostolakakis, Konstantinos"]
[Result "0-1"]
[WhiteElo "1626"]
[BlackElo "1857"]
[PlyCount "82"]
[EventDate "2014.07.04"]
[EventType "swiss"]
[EventRounds "9"]
[EventCountry "GRE"]
[SourceTitle "EXT 2017"]
[Source "ChessBase"]
[SourceDate "2016.10.25"]
[SourceVersion "1"]
[SourceVersionDate "2016.10.25"]
[SourceQuality "1"]

1. d4 d5 2. c4 e6 3. Nc3 c5 4. cxd5 exd5 5. Nf3 Nc6 6. g3 Nf6 7. Bg2 Be7 8. 0-0 0-0 9. dxc5 Bxc5 10. a3 d4 11. Na4 Be7 12. b4 Bg4 13. Bb2 Qd7 14. Rb1 Rfd8 15. b5 Bxf3 16. Bxf3 Ne5 17. Bg2 Nc4 18. Qd3 Rac8 19. Bc1 Ne5 20. Qb3 Nd5 21. Bb2 Nc4 22. Rfd1 Nxb2 23. Qxb2 Bf6 24. Qb3 Nc3 25. Nxc3 Rxc3 26. Qa2 Rdc8 27. Qd2 Rxa3 28. Rdc1 Re8 29. Bf3 h6 30. Qb4 Rc3 31. Rd1 d3 32. exd3 Rxd3 33. Rxd3 Qxd3 34. Bxb7 Bd4 35. Qb3 Re1+ 36. Kg2 Qxb1 37. Qd5 Bf6 38. Qd7 Rg1+ 39. Kh3 Qf1+ 40. Kg4 Qe2+ 41. f3 Qe6+ 0-1